| 000 | 01049nam a2200253Ia 4500 | ||
|---|---|---|---|
| 005 | 20240530111002.0 | ||
| 008 | 140319s2006 ua a b 000 0 ara d | ||
| 017 |
_a2005/4/724 _bالمملكة الاردنية. دائرة المكتبة الوطنية |
||
| 040 |
_aGCL / _cGCL |
||
| 082 | 0 | 4 |
_a620.1 _bش م _221 |
| 100 | 0 | _aشادى ابو سريس | |
| 245 | 1 | 2 |
_aالمشاغل الهندسية / _cشادى ابو سريس، يونس الزيوت، ايمن ضرار |
| 250 | _aط.1. | ||
| 260 |
_aالقاهرة : _bمكتبة المجتمع العربى للنشر والتوزيع، _c2006. |
||
| 300 |
_a301 ص. : _bايض ؛ _c24 سم. |
||
| 504 | _aيشتمل على ارجاعات ببليوجرافية | ||
| 650 | 0 | 7 |
_2qarmk _aالهندسة |
| 650 | 0 | 7 |
_2qarmk _aالتصميم الهندسى |
| 650 | 0 | 7 |
_2qarmk _aالمواد الهندسية |
| 700 | 0 |
_aيونس الزيوت _eمؤلف مشارك |
|
| 700 | 0 |
_aايمن ضرار _eمؤلف مشارك |
|
| 942 |
_2ddc _cBK |
||
| 999 |
_c67203 _d67203 |
||